Aportaciones del pensamiento económico Iberoamericano siglos XVI-XX
Kaydedildi:
| Asıl Yazarlar: | , , , , , , , , , , |
|---|---|
| Müşterek Yazar: | |
| Diğer Yazarlar: | |
| Materyal Türü: | Kitap |
| Dil: | İspanyolca |
| Baskı/Yayın Bilgisi: |
Madrid, España
Cultura Hispánica
1986
|
| Konular: | |
| Etiketler: |
Etiketle
Etiket eklenmemiş, İlk siz ekleyin!
|
MARC
| LEADER | 00000nam a2200000 a 4500 | ||
|---|---|---|---|
| 001 | UCX1674 | ||
| 003 | CL-VaPUC | ||
| 005 | 20220708085105.0 | ||
| 008 | 901016e19860000SP |||||||||||||||||spa|d | ||
| 999 | |c 222853 |d 222851 | ||
| 020 | |a 8472323951 | ||
| 040 | |c Pontificia Universidad Católica de Valparaíso | ||
| 082 | 0 | 4 | |a 330.98 POP 1986 |2 21 |
| 100 | 0 | |a Popescu, Oreste |e author |9 317255 | |
| 110 | 2 | |a Instituto de Cooperación Iberoamericana, España |e author |9 317267 | |
| 245 | 1 | 0 | |a Aportaciones del pensamiento económico Iberoamericano siglos XVI-XX |
| 260 | |a Madrid, España |b Cultura Hispánica |c 1986 | ||
| 300 | |a 298 páginas | ||
| 583 | |a last modification |c 19901016 00:00:00 |k Rodrigo Vera | ||
| 650 | 7 | |a HISTORIA DE LA ECONOMIA |2 CL-VaPUC |9 317268 |y SIGLOS 16-20 |z AMERICA LATINA | |
| 651 | 0 | |a América Latina |9 255027 | |
| 700 | |a Gómez Camacho, Francisco |e autor |9 317256 | ||
| 700 | |a Grice-Hutchinson, Marjorie |e author |9 437140 | ||
| 700 | 0 | |a Astigarraga, Jesús |e author |9 317258 | |
| 700 | 0 | |a Barrenechea, José Manuel |e author |9 317259 | |
| 700 | 0 | |a Anes, Rafael |e author |9 317260 | |
| 700 | 0 | |a Calderón, Francisco R |e author |9 317261 | |
| 700 | 0 | |a Villalobos Rivera, Sergio |e author |9 317262 | |
| 700 | 0 | |a Ruiz-Caro, Ariela |e author |9 317263 | |
| 700 | 0 | |a Suárez M., José Manuel |e author |9 317264 | |
| 700 | 0 | |a Velarde Fuentes, Juan |e author |9 317265 | |
| 700 | 0 | |a De Espínola Salazar, José Ramón |e author |9 317266 | |
| 852 | |a BIBCUR | ||
| 942 | |c BK |2 ddc | ||
| 945 | |d 19901016 00:00:00 | ||
| 952 | |0 0 |1 0 |2 ddc |4 0 |6 330_980000000000000_POP_1986 |7 0 |8 A |9 218118 |a BIBHIS |b BIBHIS |d 2019-11-15 |i 2869705 |o 330.98 POP 1986 |p 2869705 |r 2025-01-20 |t 1 |w 2019-11-15 |y BK |k HIS | ||